Guess the Harry Styles song with no hints #12 - Statistics

General Stats
  • This quiz has been taken 78 times
  • The average score is 207 of 266
Answer Stats
Answer % Correct
a
100%
I
100%
me
97%
you,
97%
you
97%
the
93%
The
93%
to
93%
be
91%
in
91%
it
91%
we
91%
We
91%
and
88%
And
88%
who
86%
We're
84%
it's
83%
not
81%
don't
79%
ghosts
79%
of
79%
your
79%
just
78%
two
78%
I'm
76%
used
76%
what
76%
beat
74%
blue
74%
But
74%
couple
74%
have
74%
heart
74%
how
74%
more
74%
Same
74%
same
74%
tattoos
74%
eyes
72%
feel
72%
that
72%
was
72%
can't
71%
feels
71%
place
71%
red,
71%
remember
71%
see
71%
shirt,
71%
so
71%
standin'
71%
Trying
71%
trying
71%
lips
69%
white
69%
like
67%
all
64%
real
64%
this
62%
empty
60%
half
60%
glass
59%
say
57%
something
57%
good
55%
looks
55%
mean
55%
need
55%
Sounds
53%
swimmin'
53%
light
52%
Moon
52%
over
52%
side
52%
sweet,
52%
touch
52%
never
50%
really
48%
Tastes
48%
we've
48%
room
47%
dances
45%
already
43%
Tellin'
43%
those
43%
Cause
41%
known
41%
stories
41%
told
40%
washes
40%
tied
38%
Tongue
36%
fridge
34%
No matching quizzes found
Score Distribution
Percent of People with Each Score
Percentile by Number Answered
Your Score History
You have not taken this quiz